000 00643nam a2200229 4500
999 _c5751
_d5751
001 5751
003 BD-JhCC
005 20190919134015.0
008 170924s2012 bg |||| ||a| 000 0 ben d
035 _a(BD-JhCC) 5751
040 _aBD-JhCC
_cBD-JhCC
_dBD-JhCC
041 _aben
082 _a297
_bBHU 2012
100 _aভূঞা, মোঃ সিরাজ উদদীন
245 _aজীবন ও ধর্ম /
_cমোঃ সিরাজ উদদীন ভূঞা
260 _c2012.
300 _a195পৃ. :
_c22 সেমি.
650 _aReligion
650 _aIslam
942 _2ddc
_cBK
_01